|
|
|
|
| LEADER |
00000nab a2200000ua 4500 |
| 001 |
vtls010820081 |
| 003 |
SK-MaSNL |
| 005 |
20260303103652.0 |
| 008 |
230121s1961 xo |||||||||||||||||slo| |
| 035 |
|
|
|a (urnnbn)urn:nbn:sk:snk:ar-a05wdw
|
| 035 |
|
|
|a urn:nbn:sk:snk-ab5nlw
|
| 035 |
|
|
|a (uuid)7b56d585-9311-40b2-810d-95a2724066c7
|
| 040 |
|
|
|a SNKBUCL
|b slo
|c SNKBUCL
|e AACR2
|
| 041 |
0 |
|
|a slo
|
| 044 |
|
|
|a xo
|c SK
|
| 100 |
1 |
|
|a Grom, Anton,
|d 1929-1980
|4 aut
|9 89980
|
| 245 |
1 |
0 |
|a Prеčо a kedy viac "pečenáčov" na stôl?
|c Anton Grom
|
| 773 |
0 |
|
|t Výživa a zdravie : časopis pre výživu a zdravý životný štýl
|g Roč. 6, č. 11 (1961), s. 252-254
|
| 954 |
|
|
|a odborná, vedecká literatúra pôvodná (slovenská)
|2 lita
|
| 958 |
|
|
|a OND
|
| 958 |
|
|
|a EUIPO
|
| 958 |
|
|
|a article5
|
| 999 |
|
|
|c 1851221
|d 1853151
|